Out of Time - The Weeknd - Statistics

General Stats
  • This quiz has been taken 28 times
  • The average score is 329 of 386
Answer Stats
Hint Answer % Correct
a
100%
be
100%
but
100%
But
100%
for
100%
I
100%
i
100%
i'm
100%
in
100%
In
100%
love
100%
my
100%
of
100%
on
100%
one
100%
out
100%
(out
100%
Out
100%
[Chorus] Say
100%
so
100%
[Verse 1] The
100%
the
100%
time
100%
time)
100%
to
100%
you
100%
You
100%
your
100%
and
95%
[Pre-Chorus] And
95%
baby
95%
baby)
95%
back
95%
been
95%
don't
95%
[Outro] Don't
95%
girl
95%
he
95%
i've
95%
I've
95%
life
95%
much
95%
now
95%
Now
95%
that
95%
there
95%
when
95%
who
95%
eyes
90%
him
90%
[Verse 2] If
90%
i'll
90%
last
90%
look
90%
made
90%
make
90%
me
90%
mind
90%
stay
90%
too
90%
up
90%
can't
86%
care
86%
few
86%
like
86%
loved
86%
months
86%
right
86%
with
86%
all
81%
are
81%
come
81%
from
81%
keep
81%
know
81%
little
81%
mine
81%
ones
81%
realize
81%
regret
81%
remember
81%
Said
81%
tell
81%
There's
81%
trauma
81%
working
81%
Because
76%
cold
76%
dare
76%
didn't
76%
late
76%
touch
76%
chance
71%
drowning
71%
held
71%
(held
71%
just
71%
says
71%
song
71%
trust
71%
[Intro] Yeah
71%
yeah
71%
begged
67%
loving
67%
line
62%
more
62%
see
62%
should've
62%
some
62%
treat
62%
free
57%
Ooh
57%
ooh
57%
own
57%
then
57%
dial
52%
distance
52%
even
52%
forget
52%
may
52%
mess
52%
name
52%
panic
52%
You're
52%
you're
52%
Dawn
48%
FM
48%
Gimme
48%
guilt
48%
light
48%
music
48%
103.5
43%
before
43%
had
43%
listening
43%
minutes
43%
pain
43%
shame
43%
slow
43%
still
43%
you'll
43%
almost
38%
healed
38%
Here's
38%
house
38%
myself
38%
Soon
38%
tracks
38%
completely
33%
easy
33%
forever
33%
refreshed
33%
30
29%
(ah)
29%
forgiven
29%
blissful
24%
dwell
24%
(never
24%
singing
24%
again
19%
engulfed
19%
(uh)
19%
embrace
14%
No matching quizzes found
Score Distribution
Percent of People with Each Score
Percentile by Number Answered
Your Score History
You have not taken this quiz